| 000 | 00599nam a2200169Ia 4500 | ||
|---|---|---|---|
| 008 | 220216s9999 xx 000 0 und d | ||
| 100 | _aMoly K A | ||
| 245 | 0 | _aWide angle x-ray scattering investigations on LLDPE/EVA blends : Effect of dynamic crosslinking | |
| 260 | _bInternational Conference and Exhibition on Rubber and Allied Materials Asia Rub Tech Expo 2002. 28-30 November 2002, New Delhi. pp.368-374. | ||
| 650 | _aDynamic crosslinking | ||
| 650 | _aLLDPE/EVA blends | ||
| 700 | _aAndrosch R | ||
| 700 | _aBhahawan S S | ||
| 700 | _aRadusch H J | ||
| 700 | _aThomas S | ||
| 942 | _cJS | ||
| 999 |
_c72425 _d72425 |
||